| 000 | 00000nam##2200000za#4500 |
| 001 | 9.626729 |
| 003 | CaOODSP |
| 005 | 20210615104709 |
| 007 | ta |
| 008 | 150406|2004||||xxc||||| f|0| 0 fre|d |
| 020 | |a0-662-78102-3 |
| 040 | |aCaOODSP|bfre |
| 043 | |an-cn--- |
| 086 | 1 |aCC173-3/2-129-1F |
| 110 | 2 |aCommission canadienne de sûreté nucléaire. |
| 245 | 10|aMaintenir les expositions et les doses au «niveau le plus bas qu'il soit raisonnablement possible d'atteindre (ALARA)» |
| 260 | |bCommission canadienne de sûreté nucléaire |c2004. |
| 300 | |a10p. : |bréférences ; |c28 cm. |
| 490 | 1 |aGuide d'application de la réglementation |vG-129, révision 1 |
| 520 | 3 |aCe guide d’application de la réglementation fait partie d’une série de guides qui fournissent une orientation ou décrivent les caractéristiques ou les méthodes recommandées par la Commission canadienne de sûreté nucléaire (CCSN) afin de respecter les exigences réglementaires ou d’accroître l’efficacité sur le plan administratif. Il constitue le cadre des activités de réglementation de la CCSN, au même titre que les instruments légaux exécutoires tels que les lois, les règlements, les permis et les ordres, ainsi que d’autres documents d’application de la réglementation tels que les politiques, les normes, les avis et les procédures. |
| 563 | |aCouverture souple |
| 590 | |a04-52|b2004-12-31 |
| 691 | 07|aRayonnement|2gcpds |
| 775 | 08|tKeeping radiation exposures and doses "as low as reasonably achievable (ALARA)" |w(CaOODSP)9.617120 |
| 776 | 0#|tMaintenir les expositions et les doses au « niveau le plus bas qu'il soit raisonnablement possible d'atteindre (ALARA) » |w(CaOODSP)9.592011 |
| 830 | #0|aGuide d'application de la réglementation ;|vG-129, révision 1|w(CaOODSP)9.512865 |